| 000 | 00481nam a2200169Ia 4500 | ||
|---|---|---|---|
| 005 | 20250508155212.0 | ||
| 008 | 008 250505s9999 xx 000 0 eng d | ||
| 037 | _aBooks to be hide in OPAC | ||
| 040 |
_aFEDL _beng _cFEDL |
||
| 041 |
_aeng _2eng |
||
| 084 | _qFEDL | ||
| 245 | 0 | _aEavluation, including examinations: Based on Pahalgaon report | |
| 260 |
_aDelhi, India _bCentral Institute of Education _c1956 |
||
| 300 | _a10p. | ||
| 942 | _cHB | ||
| 999 |
_c1355186 _d1355186 |
||